| 000 | 00581nam a22001577a 4500 | ||
|---|---|---|---|
| 008 | 160804b xxu||||| |||| 00| 0 eng d | ||
| 020 | _a9780195742862 | ||
| 050 | _aPL8703.C58 2013 | ||
| 100 |
_aChuo Kikuu cha Dar es Salaam and Institute of Kiswahili studies _924611 |
||
| 245 |
_aKamusi Sanifu _b: ya kiswahili _c/Chuo Kikuu cha Dar es Salaam and Institute of Kiswahili studies |
||
| 250 | _a3rd ed. | ||
| 260 |
_aKenya _bOxford University Press, East Africa _c2013 |
||
| 300 |
_axvi, 687p. _c22cm. |
||
| 650 |
_aSwahili language _xDictionaries _924612 |
||
| 942 |
_2lcc _cMONOGRAPH |
||
| 999 |
_c124853 _d124853 |
||